| 000 | 00733nam a22002177a 4500 | ||
|---|---|---|---|
| 003 | OSt | ||
| 005 | 20250630084703.0 | ||
| 008 | 250630b |||||||| |||| 00| 0 eng d | ||
| 020 | _a978-971-23-8015-0 | ||
| 040 |
_aDWCL - Main lib _cOC |
||
| 082 | _aFil. 300.12 S192d 2017 | ||
| 100 | _aSampa, Elias M. | ||
| 245 |
_a Disciplines and ideas in the applied social science/ _cElias Sampa |
||
| 250 | _a First edition | ||
| 260 |
_aQuezon City, Philippines: _bRex bookstore, _cc2017. |
||
| 300 |
_axiv, 188 pages: _billustrations; _c25cm. |
||
| 504 | _aIncludes bibliographical reference and index. | ||
| 650 | _a1. Social science-- education | ||
| 650 | _a2. Social psychology | ||
| 942 |
_2ddc _cBK - FIL _eFirst edition _kFil. _n0 |
||
| 999 |
_c3320 _d3320 |
||